| 000 | 01029 a2200289 4500 | ||
|---|---|---|---|
| 003 | OSt | ||
| 005 | 20180116192336.0 | ||
| 008 | 120301t xxu||||| |||| 00| 0 eng d | ||
| 010 | _a 93027874 | ||
| 020 | _a0807064734 | ||
| 020 | _a9780807064733 | ||
| 040 | _c0 | ||
| 082 | 0 | 0 | _a194 |
| 100 | 1 |
_aBachelard, Gaston, _9553 |
|
| 245 | 1 | 4 |
_aThe poetics of space / _cGaston Bachelard ; translated from the French by Maria Jolas ; with a new foreword by John R. Stilgoe. |
| 260 |
_aBoston : _bBeacon Press, _c1994. |
||
| 300 |
_axxxix, 241 p. ; _c21 cm. |
||
| 500 | _aOriginally published: New York : Orion Press, 1964. | ||
| 650 | 0 |
_aSpace and time. _9554 |
|
| 650 | 0 |
_aImagination. _9555 |
|
| 650 | 0 |
_aPoetry. _9556 |
|
| 700 | 1 |
_aJolas, M. _9557 |
|
| 856 | 4 | 2 |
_3Publisher description _uhttp://www.loc.gov/catdir/description/hm031/93027874.html |
| 942 |
_aSADA _cBK _k194 BAC 1994 _2ddc |
||
| 999 |
_c352475 _d352475 |
||